000
00338 a2200157 4500
001
59139
020
_a
8526231006
040
_c
Anchieta - Pituba
100
_a
Luz, Antônio Máximo Ribeiro da
240
1
0
_a
Curso de física
_l
por
245
1
0
_a
Curso de física
300
_a
414
362
0
_a
2000
650
4
_a
Física
942
_c
BK
999
_c
59139
_d
59139